| 000 | 00496nam a2200181 4500 | ||
|---|---|---|---|
| 003 | SEACOMEC | ||
| 005 | 20240504130629.0 | ||
| 008 | 240504b |||||||| |||| 00| 0 eng d | ||
| 020 |
_a9788177589436 _cRs.350.00 |
||
| 040 | _aSEACOMEC | ||
| 082 |
_a005.73 _bW429 |
||
| 100 | _a:Weiss, Mark Allen | ||
| 245 | 1 |
_aData structures and algorithm analysis in C++ _c Mark Allen Weiss |
|
| 250 | _a2nd ed. | ||
| 260 |
_aDelhi _bPearson _c2006 |
||
| 650 | _a C (Computer program language) | ||
| 942 | _cBOOK | ||
| 999 |
_c1002 _d1002 |
||